| 000 | 00850nam a2200265 a 4500 | ||
|---|---|---|---|
| 008 | |||
| 020 | _a9780128042168 (hardback) | ||
| 040 |
_aNUST _cNUST |
||
| 049 | _aMAIN | ||
| 090 |
_aQP360.7 _bBRA |
||
| 245 | 1 | 0 |
_aBrain-computer interfaces: _blab experiments to real-world applications/ _cCoyle Damien (editor). |
| 260 |
_aAmsterdam: Elsevier, _c2016 |
||
| 300 |
_axviii, 415 pages : _billustrations ; _c24cm |
||
| 336 |
_atext _btxt _2rdacontent |
||
| 337 |
_aunmediated _bn _2rdamedia |
||
| 338 |
_aVolume _bnc _2rdacarrier |
||
| 500 | _aincludes index | ||
| 650 | _aElectroencephalography | ||
| 650 | _aVeterinary electroencephalography | ||
| 650 | _aBrain-computer interfaces | ||
| 907 |
_a.b10419780 _b11-10-22 _c20-09-22 |
||
| 003 | |||
| 005 | 20230123141247.0 | ||
| 942 |
_cBOOKS _kQP360.7 _mBRA |
||
| 999 |
_c170437 _d170437 |
||